The Warren Buffett way
Although Warren Buffett has claimed time and again that what he does is not beyond anybody else's competence, some people still do not understand how this value investing legend can consistently perform so well...
Saved in:
| Main Author: | |
|---|---|
| Format: | Book |
| Language: | Undetermined |
| Published: |
New York
Random House Audio
2004
|
| Subjects: | |
| Tags: |
Add Tag
No Tags, Be the first to tag this record!
|
| Institutions: | Trung tâm Học liệu Trường Đại học Cần Thơ |
|---|
| LEADER | 00799nam a2200205Ia 4500 | ||
|---|---|---|---|
| 001 | CTU_187788 | ||
| 008 | 210402s9999 xx 000 0 und d | ||
| 082 | |a 428.24 | ||
| 082 | |b H146/Cas.2 | ||
| 100 | |a Hagstrom, Robert G. | ||
| 245 | 4 | |a The Warren Buffett way | |
| 245 | 0 | |c Robert G. Hagstrom, Stefan Rudnicki | |
| 260 | |a New York | ||
| 260 | |b Random House Audio | ||
| 260 | |c 2004 | ||
| 520 | |a Although Warren Buffett has claimed time and again that what he does is not beyond anybody else's competence, some people still do not understand how this value investing legend can consistently perform so well... | ||
| 650 | |a English language,Ngôn ngữ Anh | ||
| 650 | |x Study and teaching,Học và dạy | ||
| 904 | |i Giang | ||
| 980 | |a Trung tâm Học liệu Trường Đại học Cần Thơ | ||